<?xml version="1.0" encoding="UTF-8"?>
<record
    xmlns:xsi="http://www.w3.org/2001/XMLSchema-instance"
    xsi:schemaLocation="http://www.loc.gov/MARC21/slim http://www.loc.gov/standards/marcxml/schema/MARC21slim.xsd"
    xmlns="http://www.loc.gov/MARC21/slim">

  <leader>01955nam a22002177a 4500</leader>
  <datafield tag="952" ind1=" " ind2=" ">
    <subfield code="0">0</subfield>
    <subfield code="1">0</subfield>
    <subfield code="2">lcc</subfield>
    <subfield code="4">0</subfield>
    <subfield code="7">0</subfield>
    <subfield code="a">11</subfield>
    <subfield code="b">11</subfield>
    <subfield code="d">2014-08-19</subfield>
    <subfield code="l">2</subfield>
    <subfield code="m">1</subfield>
    <subfield code="o">HV5801 E76 2012</subfield>
    <subfield code="p">11 010840</subfield>
    <subfield code="r">2025-04-22</subfield>
    <subfield code="s">2025-04-07</subfield>
    <subfield code="t">1</subfield>
    <subfield code="w">2014-08-19</subfield>
    <subfield code="y">LB</subfield>
  </datafield>
  <datafield tag="952" ind1=" " ind2=" ">
    <subfield code="0">0</subfield>
    <subfield code="1">0</subfield>
    <subfield code="2">lcc</subfield>
    <subfield code="4">0</subfield>
    <subfield code="7">0</subfield>
    <subfield code="a">11</subfield>
    <subfield code="b">11</subfield>
    <subfield code="d">2014-08-19</subfield>
    <subfield code="l">0</subfield>
    <subfield code="o">HV5801 E76 2012</subfield>
    <subfield code="p">11 010841</subfield>
    <subfield code="r">2014-08-19</subfield>
    <subfield code="t">2</subfield>
    <subfield code="w">2014-08-19</subfield>
    <subfield code="y">LB</subfield>
  </datafield>
  <datafield tag="999" ind1=" " ind2=" ">
    <subfield code="c">93595</subfield>
    <subfield code="d">93595</subfield>
  </datafield>
  <controlfield tag="008">140819b2012    sp ||||| |||| 00| 0 spa d</controlfield>
  <datafield tag="020" ind1=" " ind2=" ">
    <subfield code="a">9788499589176</subfield>
  </datafield>
  <datafield tag="050" ind1=" " ind2=" ">
    <subfield code="a">HV5801</subfield>
    <subfield code="b">E76 2012</subfield>
  </datafield>
  <datafield tag="245" ind1=" " ind2=" ">
    <subfield code="a">Estrat&#xE9;gias de intervenci&#xF3;n en la prevenci&#xF3;n de drogodependiencias</subfield>
    <subfield code="c">/ coordinadores Jos&#xE9; A., Garc&#xED;a del Castillo: Carmen L&#xF3;pez-S&#xE1;nchez</subfield>
  </datafield>
  <datafield tag="260" ind1=" " ind2=" ">
    <subfield code="a">Espa&#xF1;a</subfield>
    <subfield code="b">: Editorial S&#xED;ntesis</subfield>
    <subfield code="c">, 2012</subfield>
  </datafield>
  <datafield tag="300" ind1=" " ind2=" ">
    <subfield code="a">301 p&#xE1;ginas</subfield>
    <subfield code="b">: ilustraciones </subfield>
  </datafield>
  <datafield tag="500" ind1=" " ind2=" ">
    <subfield code="a">Incluye: Indice, Relaci&#xF3;n de autores, Pr&#xF3;logo, Nota bibliogr&#xE1;fica</subfield>
  </datafield>
  <datafield tag="505" ind1=" " ind2=" ">
    <subfield code="a">1. Aspectos generales sobre la prevenci&#xF3;n  
Aproximaci&#xF3;n preliminar a la prevenci&#xF3;n del consumo de drogas  
&#xBF;Prevenir? An&#xE1;lisis hist&#xF3;rico de la prevenci&#xF3;n  

2. Desarrollo de programas de prevenci&#xF3;n  
Elementos que debe tener un programa preventivo eficaz  
Factores de riesgo y protecci&#xF3;n para el consumo de drogas en adolescentes  
Dise&#xF1;o de programas de prevenci&#xF3;n de drogas  
T&#xE9;cnicas aplicadas a la prevenci&#xF3;n de la drogodependencia  
Evaluaci&#xF3;n de programas de prevenci&#xF3;n del consumo de drogas  
Difusi&#xF3;n de los avances en prevenci&#xF3;n escolar del consumo de drogas  
intervenci&#xF3;n ante los nuevos patrones juveniles de consumo de alcohol  

3. Prevenci&#xF3;n sobre conductas espec&#xED;ficas en drogodependencias  
Programa de prevenci&#xF3;n escolar basados en la evidencia  
Programas de prevenci&#xF3;n escolar basados en la evidencia  

4. Pilares fundamentales para la prevenci&#xF3;n de las drogodependencias  
La educaci&#xF3;n ante el consumo de drogas  
La prevenci&#xF3;n familiar del consumo de drogas en adolescentes y j&#xF3;venes  
La prevenci&#xF3;n de las drogodependencias en el &#xE1;mbito laboral  </subfield>
  </datafield>
  <datafield tag="519" ind1=" " ind2=" ">
    <subfield code="a">Material Complementario /  </subfield>
    <subfield code="d">(11 010840)</subfield>
  </datafield>
  <datafield tag="650" ind1=" " ind2=" ">
    <subfield code="a">ABUSO DE DROGAS</subfield>
    <subfield code="x">PREVENCI&#xD3;N</subfield>
  </datafield>
  <datafield tag="650" ind1=" " ind2=" ">
    <subfield code="a">DROGADICTOS</subfield>
    <subfield code="x">REHABILITACI&#xD3;N</subfield>
  </datafield>
  <datafield tag="650" ind1=" " ind2=" ">
    <subfield code="a">DROGADICTOS</subfield>
    <subfield code="x">TRATAMIENTO</subfield>
  </datafield>
  <datafield tag="700" ind1=" " ind2=" ">
    <subfield code="a">Garc&#xED;a del Castillo, Jos&#xE9; A.</subfield>
    <subfield code="e">coordinador</subfield>
  </datafield>
  <datafield tag="700" ind1=" " ind2=" ">
    <subfield code="a">L&#xF3;pez - S&#xE1;nchez, Carmen</subfield>
    <subfield code="e">coordinador</subfield>
  </datafield>
  <datafield tag="942" ind1=" " ind2=" ">
    <subfield code="c">LB</subfield>
  </datafield>
</record>
